[Event "48th Bosna Tournament 2018"]
[Site "Sarajevo"]
[Date "2018.05.06"]
[Round "2"]
[White "Fier, Alexandr"]
[Black "Maksimovic, Bojan"]
[Result "1/2-1/2"]
[WhiteElo "2580"]
[BlackElo "2301"]
[Annotator "TA"]
[PlyCount "73"]
[EventDate "2018.??.??"]
[EventType "swiss"]
[EventCountry "BIH"]
[SourceTitle "playchess.com"]
[Source "ChessBase"]
[SourceQuality "1"]

{[%evp 25,73,0,0,0,0,-26,-27,-37,0,0,0,-9,0,-33,-25,-37,-45,-26,-30,-24,0,-8,0,-7,0,-55,0,-14,-12,-137,-130,-141,-128,-140,-134,-141,-146,-121,-133,-144,-121,-122,-10,-96,-96,-81,-83,-102,-89,-87]} 1. Nf3 Nf6 2. c4 e6 3. g3 d5 4. Bg2 Be7 5. O-O O-O 6. b3 b6 7. Bb2 Bb7 8. e3 {[%cal Be2e3,Be3e4][%mdl 32]} Nbd7 9. Nc3 c5 10. Qe2 Ne4 11. cxd5 Nxc3 {A14: English Opening: 1...e6 with b3 by White} 12. Bxc3 Bxd5 13. e4 Bb7 {LiveBook: 5 Games. The position is equal.} 14. d4 (14. Rfd1 Qc7 15. Rac1 Rad8 16. d4 Qb8 17. d5 exd5 18. exd5 Bf6 19. Nh4 Bxc3 20. Rxc3 {1-0 (40) Dominguez Perez,L (2719)-Lysyj,I (2629) Khanty-Mansiysk 2011}) 14... Nf6 {[%cal Bd7f6,Bf6d5,Bd5b4][%mdl 32]} 15. e5 $146 ({Predecessor:} 15. Bb2 Bxe4 16. Rfd1 Bd5 17. dxc5 bxc5 18. Ng5 h6 19. Ne4 Nxe4 20. Bxe4 {0-1 (52) Pfrommer,C (2367)-Donchenko,A (2352) Frankfurt 2013}) 15... Nd5 16. Bb2 cxd4 17. Nxd4 Bc5 18. Qg4 Qe7 19. Nf3 Nb4 20. Ng5 Bxg2 21. Kxg2 Rfd8 22. Ne4 Kh8 23. Bc3 Nd5 24. Bb2 Nb4 25. Qh5 ({White should play} 25. Rfd1 $11) 25... Kg8 (25... Qb7 $1 $15 26. Qe2 Rd5) 26. Rfd1 Nd3 $36 {[%mdl 2048] Black fights for an advantage.} 27. Bc3 {[#]} (27. Qe2 $11 Nxb2 28. Qxb2) 27... Nxf2 $1 $17 {[%mdl 512]} 28. Nxf2 Bxf2 29. b4 Be3 {[%cal Bf2e3,Be3h6,Bh6g7][%mdl 32]} 30. Qf3 Bh6 31. Rd6 g6 32. Rad1 Bg7 33. b5 {[#]} Rac8 ({Black should try} 33... Bf8 $1 $17 34. a4 Qe8) 34. Bb4 {[#]} (34. Rxd8+ $1 $11 {keeps the balance.} Rxd8 35. Bb4) 34... Rxd6 $1 {Black is better.} 35. exd6 Qd7 36. a4 h5 37. Qd3 {Precision: White = 39%, Black = 51%.} 1/2-1/2

[Event "48th Bosna Tournament 2018"]
[Site "Sarajevo"]
[Date "2018.05.06"]
[Round "2"]
[White "Kurajica, Bojan"]
[Black "Pecnik, Leo"]
[Result "1/2-1/2"]
[WhiteElo "2516"]
[BlackElo "2299"]
[Annotator "TA"]
[PlyCount "62"]
[EventDate "2018.??.??"]
[EventType "swiss"]
[EventCountry "BIH"]
[SourceTitle "playchess.com"]
[Source "ChessBase"]
[SourceQuality "1"]

{[%evp 17,62,16,33,20,35,0,-8,-12,4,-13,51,36,44,45,33,46,35,43,47,36,36,0,0,0,0,0,0,0,0,0,0,0,63,55,66,0,0,0,0,0,0,0,0,0,0,0,81]} 1. Nf3 Nf6 2. c4 g6 3. g3 Bg7 4. Bg2 O-O 5. O-O d6 6. d4 {[%cal Bd2d4,Bd4d5][%mdl 32]} Nc6 7. d5 Na5 8. Nbd2 c5 9. e4 a6 10. Rb1 {E60: King's Indian: Unusual lines and Fianchetto Variation without Nc3} e5 (10... b5 11. b3 e5 12. Ne1 Rb8 13. Qc2 Ng4 14. h3 Nh6 15. Nd3 bxc4 16. bxc4 Rxb1 17. Nxb1 f5 18. Nd2 fxe4 19. Nxe4 {½-½ (83) Kurajica,B (2565)-Van der Wiel,J (2555) Moscow 1994}) 11. dxe6 Bxe6 12. b3 Ng4 $146 ({Predecessor:} 12... b5 13. Ng5 Bg4 14. f3 Bd7 15. f4 Rb8 16. Bb2 h6 17. e5 Ng4 {0-1 (38) Kluger,G-Benko,P Budapest 1957}) 13. Ne1 Ne5 (13... Rb8 $11) 14. Bb2 $14 Nec6 15. Bxg7 Kxg7 16. Nc2 b5 17. cxb5 axb5 18. f4 f6 19. Nf3 d5 20. exd5 Bxd5 21. Ne3 Be4 22. Qxd8 Raxd8 23. Rbc1 Rd3 24. Rfe1 {[#]} Bxf3 (24... c4 $1 $11 {[%mdl 512]}) 25. Bxf3 Nd4 26. Be4 (26. Bg2 $5 {[%cal Rc1c5]}) 26... Rd2 {aiming for ...Ne2+.The position is equal.} 27. Rxc5 Re8 $1 $36 {[%cal Re8e4][%mdl 2048] Black has some pressure.} 28. Rc7+ Kh8 29. Ng4 {[#] Strongly threatening Kf1.} f5 ({Don't play} 29... Nf3+ $6 30. Kf1 $16 (30. Kh1 $2 f5 $19)) 30. Nf6 {[%csl Gf6][%cal Rc7h7]} Nf3+ $1 31. Kf1 {[%csl Gf6][%cal Rc7h7]} Nxh2+ {Precision: White = 75%, Black = 46%.} 1/2-1/2

[Event "48th Bosna Tournament 2018"]
[Site "Sarajevo"]
[Date "2018.05.06"]
[Round "2"]
[White "Arapovic, Vitomir"]
[Black "Yilmaz, Mustafa"]
[Result "1/2-1/2"]
[WhiteElo "2329"]
[BlackElo "2621"]
[Annotator "TA"]
[PlyCount "121"]
[EventDate "2018.??.??"]
[EventType "swiss"]
[EventCountry "BIH"]
[SourceTitle "playchess.com"]
[Source "ChessBase"]
[SourceQuality "1"]

{[%evp 23,121,-24,-21,-42,-45,-59,-58,-48,-51,-175,-39,-45,0,0,0,0,0,0,0,-72,-22,-70,-16,-21,-15,-17,-25,-24,-16,-80,-70,-103,-104,-134,-90,-108,-20,-138,-148,-146,-153,-136,-62,-62,-62,-62,-62,-62,-65,-60,-57,-52,-27,-59,-59,-59,-59,-59,-59,-53,-59,-59,0,0,0,0,0,0,0,0,0,0,0,0,0,0,0,0,0,0,0,0,0,0,0,0,0,0,0,0,0,0,0,0,0,0,0,0,0,0]} 1. e4 c5 2. Nc3 Nc6 3. g3 g6 4. Bg2 Bg7 5. f4 d6 6. Nf3 Nf6 7. O-O O-O 8. d3 Rb8 9. h3 b5 10. g4 b4 11. Ne2 a5 12. Ng3 {B25: Closed Sicilian: 3 g3, lines without early Be3} (12. f5 c4 13. Be3 Ba6 14. Qd2 Ne5 15. Nxe5 dxe5 16. dxc4 Bxc4 17. Qxd8 Rfxd8 18. Rf2 Ne8 19. Ng3 Nd6 {½-½ (78) Amin,B (2663)-Can,E (2578) Dubai 2017}) 12... Ba6 {LiveBook: 4 Games} 13. Re1 Nd7 14. Rb1 $146 {Black is slightly better.} ({Predecessor:} 14. g5 a4 15. Rb1 Nd4 16. h4 c4 17. dxc4 Nxf3+ 18. Qxf3 Bxc4 19. b3 axb3 20. cxb3 {½-½ (58) Barzen,P (2259)-Wecker,M (2144) Reil an der Mosel 2016}) 14... a4 15. h4 Nd4 16. Nxd4 (16. h5 $15) 16... cxd4 (16... Bxd4+ $19 17. Kh2 e5) 17. b3 $1 $15 Qc7 18. Bd2 Rfc8 19. Rc1 Rb6 20. g5 Rc6 $36 {[%cal Rc6c2][%mdl 2048] Black has the initiative.} 21. Bh3 (21. e5 $1 $11) 21... Bb5 {[%cal Rc6c2]} (21... axb3 {is interesting.} 22. axb3 Bb5 23. Bxb4 Rxc2 24. Rxc2 Qxc2 25. Qxc2 Rxc2 26. Ra1 Nc5) 22. Bxb4 Rxc2 (22... axb3 $1 $15 23. axb3 Rxc2 24. Rxc2 Qxc2) 23. Rxc2 Qxc2 24. Qxc2 Rxc2 25. bxa4 Bxa4 26. a3 (26. Bxd7 $11 Bxd7 27. Re2 Rc1+ 28. Kf2) 26... Nc5 $17 27. Bf1 f6 28. Rb1 Kf7 29. Be2 Ra2 (29... fxg5 $17 30. hxg5 h5 31. gxh6 Bxh6) 30. Bd1 (30. Bxc5 $1 $11 dxc5 31. Rb6) 30... Bxd1 31. Rxd1 fxg5 32. hxg5 {[#]} h6 ({Black should play} 32... Ne6 $1 $17 {[%cal Re6f4]} 33. Rf1 Ke8) 33. e5 $1 $15 hxg5 34. exd6 exd6 35. fxg5 Ke6 36. Bxc5 dxc5 {[%mdl 4096] Endgame KRB-KRN} 37. Ne4 Bf8 38. Nd2 Bd6 39. Nc4 Bf4 40. Rf1 Bxg5 41. Rf2 Ra1+ 42. Rf1 Ra2 ({Better is} 42... Rxf1+ $1 $15 43. Kxf1 Bf4) 43. Rf2 $1 $11 {[%cal Rf2a2] The position is equal.} Be3 (43... Rxf2 {with more complications.} 44. Kxf2 Bf4 45. Kf3 Kf5 46. a4 g5) 44. Nxe3 Rxf2 45. Kxf2 dxe3+ 46. Kxe3 {KPP-KPP} Kd5 47. Kf3 Kd4 48. a4 Kxd3 {KPP-KP} 49. a5 c4 {[#] Strongly threatening ...c3.} 50. a6 c3 51. a7 c2 52. a8=Q {Threatening mate with Qa3+.} c1=Q {KQ-KQ} 53. Qd5+ (53. Qb8 {seems wilder.} Qd1+ 54. Kg3 Qg1+ 55. Kf3 Qd1+) 53... Kc2 {( -> ...Qh1+)} 54. Qc4+ (54. Kg4 {is more complex.} Qg1+ 55. Kf4 Qf2+ 56. Ke4 Qg2+ 57. Ke5) 54... Kb2 55. Qxc1+ (55. Qe2+ {looks sharper.} Qc2 56. Qxc2+ Kxc2 57. Kf2 Kd3 58. Kf3) 55... Kxc1 {KP-K} 56. Kg2 g5 57. Kf2 {[%cal Bg2f2,Bf2e3,Be3f3][%mdl 32]} g4 58. Ke3 g3 59. Kf3 g2 60. Kf2 g1=Q+ 61. Kxg1 {Precision: White = 60%, Black = 61%.} 1/2-1/2

[Event "48th Bosna Tournament 2018"]
[Site "Sarajevo"]
[Date "2018.05.06"]
[Round "2"]
[White "Dietmayer-Kraeutler, Marco"]
[Black "Brkic, Ante"]
[Result "0-1"]
[WhiteElo "2318"]
[BlackElo "2598"]
[Annotator "TA"]
[PlyCount "80"]
[EventDate "2018.??.??"]
[EventType "swiss"]
[EventCountry "BIH"]
[SourceTitle "playchess.com"]
[Source "ChessBase"]
[SourceQuality "1"]

{[%evp 21,80,0,0,-4,0,-11,-14,-15,-12,-12,-13,-13,-13,-7,6,-12,-12,-11,-10,-13,-13,-20,-6,-57,-57,-60,-62,-81,-60,-68,-66,-176,-187,-329,-323,-310,-314,-298,-293,-463,-453,-450,-441,-435,-439,-424,-412,-1536,-1459,-1161,-1161,-2320,-2314,-1893,-791,-1975,-1517,-1068,-1020,-29971,-12477]} 1. d4 Nf6 2. c4 e6 3. Nc3 Bb4 4. Qc2 d5 5. a3 Bxc3+ 6. Qxc3 O-O 7. Bg5 h6 8. Bxf6 Qxf6 9. cxd5 exd5 10. e3 Bf5 11. Nf3 Nd7 {[%cal Bb8d7,Bd7f6,Bf6e8,Be8d6][%mdl 32] LiveBook: 25 Games. E35: Nimzo-Indian: Classical: 4...d5 5 cxd5 exd5} (11... Rc8 12. Bd3 Bxd3 13. Qxd3 Nd7 14. O-O c6 15. b4 a6 16. Rfc1 b5 17. Qc3 Nb6 18. Ne5 Nc4 19. a4 {½-½ (37) Andreikin,D (2736)-Giri,A (2767) Novi Sad 2016}) 12. Bb5 $146 ({Predecessor:} 12. Rc1 Rfc8 13. b4 a5 14. Bd3 axb4 15. axb4 Bxd3 16. Qxd3 Qa6 17. Qxa6 Rxa6 18. O-O Kf8 19. Rc2 Ra4 20. Rb1 Ke7 21. g4 Kd6 22. b5 Rca8 23. Rbc1 Rc8 24. Rb1 Rca8 {½-½ (24) Karpov,A (2628)-Edouard,R (2628) Cap d'Agde 2016}) 12... c6 13. Bd3 Bxd3 {The position is equal.} 14. Qxd3 Qe7 15. O-O Nf6 16. b4 a6 17. Nd2 {[%cal Bf3d2,Bd2b3,Bb3c5][%mdl 32]} Rad8 18. Rab1 Ne8 19. a4 Nd6 20. Nb3 h5 21. Nc5 h4 22. f4 (22. h3 $11) 22... Rfe8 23. Rf3 Qf6 24. f5 Re7 25. Rbf1 Rde8 26. Rh3 ({Better is} 26. a5 $15) 26... Qg5 $19 27. Rf4 {[#]} (27. f6 $142 Rxe3 28. Qd2) 27... Rxe3 $1 {[%mdl 512]} 28. Rxe3 (28. Qxe3 Rxe3) 28... Qxf4 29. Rxe8+ Nxe8 30. Nxb7 (30. Nb3 $142) 30... Nf6 {Threatens to win with ...Ng4.} 31. g3 Qc1+ 32. Kg2 Ne4 33. Qe2 hxg3 34. h3 (34. hxg3 $142 Qc3 35. Qf3 Qb2+ 36. Kh1) 34... Nc3 35. Qe8+ Kh7 36. Nd6 Qd2+ 37. Kxg3 Ne2+ 38. Kf2 Nxd4+ 39. Kg1 Qg5+ 40. Kh1 Nf3 {Precision: White = 53%, Black = 84%.} 0-1

[Event "48th Bosna Tournament 2018"]
[Site "Sarajevo"]
[Date "2018.05.06"]
[Round "2"]
[White "Cerovic, Danilo"]
[Black "Can, Emre"]
[Result "0-1"]
[WhiteElo "2307"]
[BlackElo "2596"]
[Annotator "TA"]
[PlyCount "54"]
[EventDate "2018.??.??"]
[EventType "swiss"]
[EventCountry "BIH"]
[SourceTitle "playchess.com"]
[Source "ChessBase"]
[SourceQuality "1"]

{[%evp 18,54,27,2,35,25,35,6,24,15,16,0,0,-60,-58,-104,-105,-137,-100,-111,-103,-190,-195,-194,-183,-184,-177,-186,-160,-270,-261,-445,-454,-485,0,-605,-349,-618,-613]} 1. e4 c5 2. Nf3 e6 3. d4 cxd4 4. Nxd4 Nc6 5. Nc3 Qc7 6. Be3 a6 7. Qf3 {B48: Sicilian: Taimanov: 5 Nc3 Qc7 6 Be3 a6 without Be2} d6 (7... Nf6 8. O-O-O Ne5 9. Qg3 b5 10. a3 Bb7 11. Bxb5 Rc8 12. Ba4 Nxe4 13. Nxe4 Bxe4 14. Bf4 Qc4 15. Bxe5 Qxa4 {1-0 (38) Vachier Lagrave,M (2789)-Anand,V (2776) Karlsruhe/Baden-Baden 2018}) 8. O-O-O Bd7 9. Qg3 Nf6 10. f4 {LiveBook: 13 Games} g6 11. Bd3 Bg7 12. Nxc6 $146 ({Predecessor:} 12. f5 O-O 13. h4 Rfe8 14. fxg6 hxg6 {0-1 (68) Leao,T (2075)-Lombaers,P (2327) Leiria 2017}) 12... Bxc6 13. f5 b5 {...b4 is the strong threat.} 14. fxe6 fxe6 15. e5 (15. Rhf1 $11) 15... dxe5 $15 16. Qh3 O-O 17. Bg5 Qb7 18. Qxe6+ Kh8 19. Bxf6 (19. Rhf1 $17 {was worth a try.} Rae8 20. Qd6) 19... Rxf6 $19 ({But not} 19... Bxf6 20. Rhe1 $15) 20. Qxe5 b4 ({Less strong is} 20... Bxg2 21. Be4 $15) 21. Ne2 ({Not} 21. Ne4 $2 Rff8 $19) 21... Bxg2 22. Rhg1 a5 {[%cal Ba6a5,Ba5a4,Ba4a3][%mdl 32]} 23. Kb1 (23. Qb5 $17) 23... a4 24. Nf4 $2 (24. Qg5 {was called for.} Bf3 25. Qh4) 24... Bf3 {[#] Threatens to win with ...b3.} 25. Rde1 Raf8 $2 ({Black should try} 25... b3 $19 26. cxb3 axb3) 26. Nh3 $2 {[%mdl 8192]} (26. Ne6 $11) 26... a3 27. b3 $2 (27. Qc5 axb2 28. Ng5) 27... Qc8 {Precision: White = 17%, Black = 78%.} 0-1

[Event "48th Bosna Tournament 2018"]
[Site "Sarajevo"]
[Date "2018.05.06"]
[Round "2"]
[White "Eric, Jovana"]
[Black "Djukic, Nikola"]
[Result "0-1"]
[WhiteElo "2301"]
[BlackElo "2556"]
[Annotator "TA"]
[PlyCount "64"]
[EventDate "2018.??.??"]
[EventType "swiss"]
[EventCountry "BIH"]
[SourceTitle "playchess.com"]
[Source "ChessBase"]
[SourceQuality "1"]

{[%evp 9,64,-4,-1,-46,-29,-47,-41,-61,-55,-58,-48,-73,-77,-113,-72,-121,-135,-150,-147,-118,-120,-125,-104,-96,-100,-176,-171,-179,-164,-172,-168,-243,-229,-322,-302,-308,-299,-318,-308,-304,-264,-296,-229,-347,-353,-344,-340,-368,-382,-1497,-1479,-1298,-1341,-5314,-5306,-5361,-5281]} 1. e4 c5 2. b3 e5 3. Bb2 d6 4. Bb5+ Nc6 5. Bxc6+ bxc6 {LiveBook: 32 Games} 6. Nf3 {B20: Sicilian: Unusual White 2nd moves} (6. d3 Qg5 7. g3 f5 8. Nd2 Nf6 9. Qe2 fxe4 10. Nxe4 Qg6 11. Nxf6+ gxf6 12. O-O-O Bh6+ 13. Kb1 O-O {1-0 (49) Krapivin,A (2433)-Stukopin,A (2544) Moscow 2014}) 6... Be7 7. O-O f5 8. exf5 {Black is slightly better.} Bxf5 $146 ({Predecessor:} 8... Nf6 9. Qe2 O-O 10. Re1 Bxf5 11. Nc3 Bg4 12. h3 Bh5 {0-1 (24) Wicklund Hansen,G (2060)-Lautenbach,W (2179) ICCF email 2007}) 9. d3 Nf6 10. Nbd2 O-O 11. h3 Qd7 12. Nc4 Nd5 13. Ne3 Be6 14. Nxd5 cxd5 15. Qe2 Rf5 16. Nh2 Raf8 17. Rae1 (17. f3 $17) 17... Bh4 $19 18. g3 {[#]} Bd8 $1 19. f4 {[%cal Rf4e5]} Ba5 20. c3 (20. g4 {might work better.} Rxf4 21. Bc1) 20... d4 21. b4 (21. cxd4 $142 Bxe1 22. Rxe1 cxd4 23. Bxd4) 21... dxc3 ({Don't do} 21... cxb4 22. cxd4 Bxa2 23. dxe5 $19) 22. bxa5 cxb2 23. Qxb2 exf4 24. g4 R5f7 25. Nf3 Bd5 26. Qc2 (26. Ng5 {was worth a try.}) 26... Re7 27. Rxe7 Qxe7 28. Re1 Qd8 29. Kf2 $2 (29. Rf1) 29... Bxf3 {Black is clearly winning.} 30. Kxf3 Qh4 {[#] Strongly threatening ...Qg3+.} 31. Qc4+ Kh8 32. Qe4 Qxh3+ {Precision: White = 35%, Black = 88%.} 0-1

[Event "48th Bosna Tournament 2018"]
[Site "Sarajevo"]
[Date "2018.05.06"]
[Round "2"]
[White "Konjicanin, Muris"]
[Black "Diermair, Andreas"]
[Result "0-1"]
[WhiteElo "2289"]
[BlackElo "2504"]
[Annotator "TA"]
[PlyCount "60"]
[EventDate "2018.??.??"]
[EventType "swiss"]
[EventCountry "BIH"]
[SourceTitle "playchess.com"]
[Source "ChessBase"]
[SourceQuality "1"]

{[%evp 16,60,12,11,37,19,28,-1,48,-8,-8,-13,-15,-42,-51,-28,-32,-45,-14,-37,-40,-37,-48,-34,-35,-37,-19,-24,-16,-30,-48,-103,-101,-104,-104,-100,-84,-167,-149,-345,-311,-410,-191,-450,-445,-469,-447]} 1. d4 Nf6 2. Nf3 e6 3. c4 c5 4. Nc3 cxd4 5. Nxd4 Nc6 6. e3 Bb4 7. Qc2 O-O 8. a3 Bc5 9. Nf3 a6 {E39: Nimzo-Indian: Classical: 4...c5 5 dxc5 0-0} (9... d5 10. b4 Be7 11. Bb2 dxc4 12. Bxc4 a6 13. O-O Qc7 14. Ba2 Bd7 15. Rac1 Rac8 16. Rfd1 Ne5 17. Nxe5 Qxe5 18. Qe2 Qg5 19. Qf3 {½-½ (47) Gonzalez Trigal,J (2338)-Galego,L (2484) Mondariz 2016}) 10. Be2 d5 11. O-O Qe7 {The position is equal.} 12. Rd1 (12. b4 $14 Bd6 13. Bb2) 12... dxc4 $11 13. Bxc4 b5 14. Be2 Bb7 15. b4 Bd6 16. Bb2 Rac8 17. Rac1 $146 ({Predecessor:} 17. Qb3 Rfd8 18. a4 Nxb4 19. axb5 axb5 {½-½ (26) Verbesek,W-Grott,P GER email 2008}) 17... Ne5 18. Qd2 Rfd8 {[#] And now ...Nxf3+ would win.} 19. Nxe5 Bxe5 20. Qe1 $1 Ne8 21. Rxd8 Rxd8 22. Rd1 Rc8 23. Qd2 (23. f4 $15 Bf6 24. Rd3) 23... Qc7 $40 {[%cal Re5c3][%mdl 128] Black goes for the king.} 24. Rc1 {next Nxb5 is good for White.} Bxh2+ 25. Kh1 Qb8 26. f4 (26. a4 $17 {was worth a try.}) 26... Bg3 $19 27. Nd1 $2 (27. Bf3 $17 {might work better.}) 27... Rd8 28. Qc2 Qd6 (28... Rd6 $142 29. Bf3 Qd8) 29. Kg1 $2 (29. Bf3) 29... e5 {[%cal Be6e5,Be5f4][%mdl 32] [#] ( -> ...Qh6)} 30. Nf2 exf4 {Precision: White = 29%, Black = 57%.} 0-1

[Event "48th Bosna Tournament 2018"]
[Site "Sarajevo"]
[Date "2018.05.06"]
[Round "3"]
[White "Brkic, Ante"]
[Black "Krishna C R G"]
[Result "1-0"]
[WhiteElo "2598"]
[BlackElo "2416"]
[Annotator "TA"]
[PlyCount "67"]
[EventDate "2018.??.??"]
[EventType "swiss"]
[EventCountry "BIH"]
[SourceTitle "playchess.com"]
[Source "ChessBase"]
[SourceQuality "1"]

{[%evp 29,67,40,77,103,97,120,102,94,236,219,229,198,1423,0,0,0,0,0,32,42,39,39,169,166,188,187,181,164,233,226,226,216,261,152,292,256,298,299,416,393]} 1. e4 e6 2. d4 d5 3. Nc3 Bb4 4. e5 Ne7 5. a3 Bxc3+ 6. bxc3 c5 7. Qg4 cxd4 8. Qxg7 Rg8 9. Qxh7 Qc7 10. Ne2 dxc3 11. f4 Nbc6 {C18: French: 3 Nc3 Bb4: Main line: 7 h4 and 7 Qg4} 12. h4 (12. Nxc3 Nd4 13. Bb2 Bd7 14. O-O-O Qb6 15. Qd3 Ndf5 16. Rd2 Rc8 17. g3 Ne3 18. Ne4 Rxc2+ 19. Rxc2 dxe4 20. Qxe4 Nxc2 21. Qxc2 {½-½ (31) Giri,A (2752)-Carlsen,M (2834) Wijk aan Zee 2018}) 12... Bd7 13. h5 O-O-O 14. Qd3 Nf5 15. Rb1 d4 {LiveBook: 51 Games} 16. Rg1 $1 Nh6 17. Nxd4 Nxd4 18. Qxd4 Bb5 (18... Kb8 $16) 19. Qxa7 $18 Bxf1 20. Rxf1 ({Not} 20. Kxf1 Qc4+ 21. Ke1 (21. Kf2 Qe4 $11) 21... Qe4+ 22. Be3 Ng4 $11) 20... Qc6 $2 (20... Rxg2 21. Rf3 Rdg8) 21. Rb3 $146 ({Less strong is} 21. Be3 Nf5 $16) (21. Rf3 $1 $18) ({Predecessor:} 21. Rf3 Kd7 22. Rd3+ Ke8 23. Rxd8+ Kxd8 24. Rxb7 Qe4+ 25. Be3 {1-0 (25) Harley,A (2260)-Wheeler,D (2210) West Bromwich 2003}) 21... Rxg2 $11 22. Qa8+ $1 Kc7 23. Qa5+ Kd7 {( -> ...Qe4+)} 24. Rxc3 Qe4+ 25. Be3 {Hoping for Rd3+.} Ke8 ({Better is} 25... Rc8 $1 $14) 26. Qb5+ $18 Kf8 {[#]} 27. Qb4+ $1 Qxb4 28. axb4 Ra8 {[#]} (28... Nf5 $142) 29. Rf2 $1 {[%cal Rf2g2]} Rg1+ 30. Kd2 Nf5 31. Rh2 (31. Bb6 $18) 31... Rg4 (31... Rd8+ $16 32. Ke2 Nxe3) 32. h6 Kg8 33. Rc7 Rg3 34. Bc5 {Precision: White = 81%, Black = 19%.} 1-0

[Event "48th Bosna Tournament 2018"]
[Site "Sarajevo"]
[Date "2018.05.06"]
[Round "3"]
[White "Can, Emre"]
[Black "Marjanovic, Dejan"]
[Result "1/2-1/2"]
[WhiteElo "2596"]
[BlackElo "2391"]
[Annotator "TA"]
[PlyCount "31"]
[EventDate "2018.??.??"]
[EventType "swiss"]
[EventCountry "BIH"]
[SourceTitle "playchess.com"]
[Source "ChessBase"]
[SourceQuality "1"]

{[%evp 13,31,8,13,2,12,3,22,17,31,22,31,-11,-15,-24,-23,-25,-30,-29,-33,-45]} 1. d4 Nf6 2. c4 e6 3. g3 d5 4. Bg2 Bb4+ 5. Nd2 O-O 6. Ngf3 b6 7. O-O Bb7 8. b3 {E16: Queen's Indian: 4 g3 Bb7 5 Bg2 Bb4+} c5 9. Bb2 Nbd7 10. Rc1 {The position is equal.} (10. a3 Bxd2 11. Nxd2 cxd4 12. Bxd4 Rc8 13. b4 Qe7 14. Rc1 Rfd8 15. Qb3 dxc4 16. Nxc4 Bxg2 17. Kxg2 {0-1 (55) Ding,L (2777)-Carlsen,M (2837) Riadh 2017}) 10... Qe7 $146 ({Predecessor:} 10... Rc8 11. cxd5 Bxd5 12. Nc4 cxd4 13. Nxd4 Bxg2 14. Kxg2 a6 15. Nf3 b5 {½-½ (27) Ehlvest,J (2536)-Neiksans,A (2613) Jurmala 2017}) 11. a3 Bxd2 12. Qxd2 dxc4 13. bxc4 cxd4 14. Qxd4 Rfd8 15. Qh4 Rac8 16. Rfd1 1/2-1/2

[Event "48th Bosna Tournament 2018"]
[Site "Sarajevo"]
[Date "2018.05.06"]
[Round "3"]
[White "Djukic, Nikola"]
[Black "Nestorovic, Lazar"]
[Result "1-0"]
[WhiteElo "2556"]
[BlackElo "2370"]
[Annotator "TA"]
[PlyCount "69"]
[EventDate "2018.??.??"]
[EventType "swiss"]
[EventCountry "BIH"]
[SourceTitle "playchess.com"]
[Source "ChessBase"]
[SourceQuality "1"]

{[%evp 14,69,58,62,53,47,77,72,59,41,43,50,56,39,73,73,75,33,91,36,43,8,8,14,0,22,30,6,39,34,52,42,27,25,53,66,67,44,31,43,137,134,227,228,225,195,197,233,225,219,227,218,29972,29973,29982,29983,29983,29984]} 1. e4 c5 2. Nf3 d6 3. d4 cxd4 4. Nxd4 Nf6 5. Nc3 a6 6. g3 Bg4 7. f3 Bd7 8. Be3 {LiveBook: 32 Games. B91: Sicilian Najdorf: 6 g3} h5 9. Qd2 e6 10. O-O-O {White is better.} Nc6 11. Bd3 $146 ({Predecessor:} 11. Kb1 b5 12. Nxc6 Bxc6 13. Bd3 Nd7 14. f4 Nc5 15. Rhe1 Be7 {0-1 (45) Malakhov,V (2686)-Svidler,P (2765) Riadh 2017}) 11... Qc7 12. h3 Ne5 13. g4 h4 14. Kb1 b5 {[%cal Bb7b5,Bb5b4][%mdl 32]} 15. Qf2 g6 (15... b4 $14 16. Nce2 Nxd3 17. cxd3 (17. Rxd3 e5 $11) 17... e5) 16. g5 (16. f4 $16 Nxd3 17. cxd3) 16... Nh5 $14 17. Qxh4 Nxd3 (17... b4 $5 18. Nce2 $8 Nxd3 19. cxd3 (19. Rxd3 e5 $11) 19... e5 $14) 18. cxd3 b4 19. Nce2 Bg7 20. Qf2 a5 (20... e5 $5 {[%cal Re5d4]}) 21. f4 e5 22. Rc1 Qb8 23. fxe5 dxe5 24. Nb3 $1 $36 {[%mdl 2048] White has some pressure.} O-O 25. Ng3 Nf4 26. Nc5 Bb5 {[#]} (26... Qd6 $1 $14) 27. h4 $1 $16 {[%cal Bh3h4,Bh4h5,Bh5h6,Bh6h7][%mdl 32]} Nxd3 (27... Qd6 $16 {is a better defense.}) 28. Nxd3 $18 Bxd3+ 29. Ka1 {h5 is the strong threat.} Rc8 {[#]} 30. h5 $1 Rxc1+ 31. Rxc1 {And now h6 would win.} Qb7 32. h6 Bh8 $2 {[#]} (32... Rc8 $18) 33. h7+ $1 {[%mdl 512] White mates.} Kf8 (33... Kxh7 34. Rh1+) 34. Qf6 Bxf6 35. gxf6 {Precision: White = 71%, Black = 52%.} 1-0